000 00831nab a2200241 u 4500
001 07907
003 HDC
007 cr bn ---aaaaa
008 210129c2013 my dr|nes 0 a may d
040 _aHDC
100 _aNorul Awatif Romli
_eauthor
_98443
245 0 _aLonjak Industri Halal / Oleh
_cNorul Awatif Romli
260 _aKuala Lumpur :
_bThe New Straits Times Press (M) Bhd.,
_c2013
336 _atext
_2rdacontent
337 _acomputer
_2rdamedia
338 _aonline resource
_2rdacarrier
650 _aHalal industri
_zMalaysia
_98444
650 _ahalal logistic
_zMalaysia
_9320
856 _zRequest full-text at [email protected]
942 _2lcc
942 _cNEWS
942 _kNWSC 002281
999 _c5230
_d5230